000 00300nam a2200121Ia 4500
008 191201s2019 xx 000 0 und d
100 _aGOLDBERG, Richard R
245 0 _aMethods of Real Analysis
260 _aN.Delhi
_bOxford University Press
300 _a359
650 _aApplied
942 _2ddc
_cBK
999 _c1833
_d1833